[Event "DEM U16 2018"]
[Site "Willingen GER"]
[Date "2018.05.20"]
[Round "2"]
[White "Bosselmann, Tom Linus"]
[Black "Stork, Oliver"]
[Result "0-1"]
[Termination "normal"]
[Board "10"]
[WhiteElo "2082"]
[BlackElo "2195"]
[WhiteClock "00:23:48"]
[BlackClock "00:07:32"]
[PlyCount "106"]
[WhiteFideId "12983845"]
[BlackFideId "12955728"]
[EventCountry "GER"]
[EventRounds "9"]
[EventType "swiss"]
[EventDate "2018.05.19"]

1. e4 {[%clk 1:30:58]} 1... c6 {[%clk 1:30:53]} 2. Nc3 {[%clk 1:31:23]} 2... d5
{[%clk 1:31:18]} 3. Nf3 {[%clk 1:31:47]} 3... Nf6 {[%clk 1:31:41]} 4. e5 {
[%clk 1:30:24]} 4... Ne4 {[%clk 1:32:05]} 5. Ne2 {[%clk 1:27:12]} 5... Qb6 {
[%clk 1:32:25]} 6. d4 {[%clk 1:27:17]} 6... e6 {[%clk 1:32:13]} 7. Nfg1 { [%clk
1:23:51]} 7... f6 {[%clk 1:31:53]} 8. f3 {[%clk 1:23:48]} 8... Ng5 { [%clk
1:32:16]} 9. exf6 {[%clk 1:24:02]} 9... gxf6 {[%clk 1:32:37]} 10. f4 { [%clk
1:24:22]} 10... Nf7 {[%clk 1:32:28]} 11. Nf3 {[%clk 1:23:18]} 11... c5 { [%clk
1:28:21]} 12. c3 {[%clk 1:18:57]} 12... Nc6 {[%clk 1:28:24]} 13. a3 { [%clk
1:18:38]} 13... Bd7 {[%clk 1:19:41]} 14. Ng3 {[%clk 1:15:57]} 14... O-O-O
{[%clk 1:07:50]} 15. Be2 {[%clk 1:13:30]} 15... h5 {[%clk 1:04:32]} 16. b4 {
[%clk 1:04:02]} 16... cxd4 {[%clk 1:01:22]} 17. cxd4 {[%clk 1:02:22]} 17... Nd6
{[%clk 0:57:02]} 18. Be3 {[%clk 0:28:11]} 18... h4 {[%clk 0:38:48]} 19. Nf1 {
[%clk 0:28:31]} 19... Nf5 {[%clk 0:34:19]} 20. Bf2 {[%clk 0:19:59]} 20... Bd6 {
[%clk 0:31:36]} 21. Ne3 {[%clk 0:10:12]} 21... Ng3 {[%clk 0:22:46]} 22. hxg3 {
[%clk 0:09:01]} 22... hxg3 {[%clk 0:23:08]} 23. Rxh8 {[%clk 0:09:24]} 23...
gxf2+ {[%clk 0:23:34]} 24. Kxf2 {[%clk 0:09:42]} 24... Rxh8 {[%clk 0:23:57]}
25. g3 {[%clk 0:09:44]} 25... Kb8 {[%clk 0:21:40]} 26. Qd3 {[%clk 0:07:13]}
26... Be8 {[%clk 0:14:03]} 27. Rd1 {[%clk 0:03:58]} 27... Bf7 {[%clk 0:11:00]}
28. b5 {[%clk 0:02:52]} 28... Ne7 {[%clk 0:10:59]} 29. a4 {[%clk 0:02:04]}
29... Bg6 {[%clk 0:05:48]} 30. Qd2 {[%clk 0:02:11]} 30... Be4 {[%clk 0:04:32]}
31. a5 {[%clk 0:02:09]} 31... Qd8 {[%clk 0:04:25]} 32. Rg1 {[%clk 0:01:38]}
32... Ng6 {[%clk 0:03:15]} 33. Ng4 {[%clk 0:00:57]} 33... Qe7 {[%clk 0:02:37]}
34. Bd3 {[%clk 0:00:42]} 34... e5 {[%clk 0:01:59]} 35. dxe5 {[%clk 0:00:54]}
35... fxe5 {[%clk 0:02:15]} 36. Bxe4 {[%clk 0:00:43]} 36... dxe4 { [%clk
0:01:40]} 37. Nfxe5 {[%clk 0:01:02]} 37... Nxe5 {[%clk 0:01:26]} 38. Nxe5
{[%clk 0:00:59]} 38... Bc5+ {[%clk 0:01:12]} 39. Kf1 {[%clk 0:00:42]} 39...
Bxg1 {[%clk 0:00:59]} 40. Ng6 {[%clk 0:00:46]} 40... Qd8 {[%clk 0:00:38]} 41.
Qxd8+ {[%clk 0:29:42]} 41... Rxd8 {[%clk 0:31:03]} 42. Kxg1 {[%clk 0:30:05]}
42... Rd5 {[%clk 0:17:26]} 43. g4 {[%clk 0:28:58]} 43... Kc7 {[%clk 0:15:18]}
44. b6+ {[%clk 0:27:43]} 44... Kd7 {[%clk 0:13:34]} 45. Ne5+ {[%clk 0:27:31]}
45... Ke8 {[%clk 0:10:40]} 46. a6 {[%clk 0:27:09]} 46... bxa6 {[%clk 0:09:08]}
47. bxa7 {[%clk 0:27:33]} 47... Rd8 {[%clk 0:09:33]} 48. Nc6 {[%clk 0:27:49]}
48... Ra8 {[%clk 0:09:56]} 49. g5 {[%clk 0:27:33]} 49... Kd7 {[%clk 0:09:35]}
50. Nb8+ {[%clk 0:27:02]} 50... Ke6 {[%clk 0:09:33]} 51. Nc6 {[%clk 0:24:55]}
51... Kd6 {[%clk 0:07:12]} 52. g6 {[%clk 0:23:54]} 52... Kxc6 {[%clk 0:07:14]}
53. g7 {[%clk 0:23:48]} 53... Kd6 {[%clk 0:07:32]} 0-1

[Event "DEM U16 2018"]
[Site "Willingen GER"]
[Date "2018.05.20"]
[Round "2"]
[White "Holinka, Henning"]
[Black "Nöldner, Julian"]
[Result "1-0"]
[Termination "normal"]
[Board "11"]
[WhiteElo "2185"]
[BlackElo "1982"]
[WhiteClock "00:00:38"]
[BlackClock "00:00:37"]
[PlyCount "67"]
[WhiteFideId "12967084"]
[BlackFideId "16218744"]
[EventCountry "GER"]
[EventRounds "9"]
[EventType "swiss"]
[EventDate "2018.05.19"]

1. e4 {[%clk 1:30:56]} 1... e5 {[%clk 1:30:38]} 2. Nf3 {[%clk 1:31:17]} 2...
Nc6 {[%clk 1:31:03]} 3. Bc4 {[%clk 1:31:37]} 3... Bc5 {[%clk 1:31:26]} 4. c3 {
[%clk 1:31:37]} 4... Nf6 {[%clk 1:31:50]} 5. d3 {[%clk 1:31:43]} 5... O-O {
[%clk 1:31:09]} 6. Nbd2 {[%clk 1:30:46]} 6... d5 {[%clk 1:30:50]} 7. exd5 {
[%clk 1:29:54]} 7... Nxd5 {[%clk 1:31:15]} 8. Ne4 {[%clk 1:28:18]} 8... Be7 {
[%clk 1:30:29]} 9. O-O {[%clk 1:26:17]} 9... Nb6 {[%clk 1:30:05]} 10. Bb3 {
[%clk 1:21:05]} 10... Bf5 {[%clk 1:28:58]} 11. Re1 {[%clk 1:18:31]} 11... Qd7 {
[%clk 1:22:56]} 12. Qe2 {[%clk 1:12:14]} 12... Rad8 {[%clk 1:19:56]} 13. Bc2 {
[%clk 1:11:25]} 13... Rfe8 {[%clk 1:16:29]} 14. a4 {[%clk 1:07:23]} 14... a5 {
[%clk 1:13:56]} 15. Be3 {[%clk 0:57:47]} 15... Nd5 {[%clk 1:14:17]} 16. Rad1 {
[%clk 0:56:16]} 16... Bf8 {[%clk 1:00:09]} 17. Bb3 {[%clk 0:45:48]} 17... Kh8 {
[%clk 0:49:47]} 18. h3 {[%clk 0:39:41]} 18... f6 {[%clk 0:46:33]} 19. Nh4 {
[%clk 0:19:28]} 19... Be6 {[%clk 0:44:01]} 20. Qh5 {[%clk 0:12:58]} 20... Qf7 {
[%clk 0:40:19]} 21. Qf3 {[%clk 0:07:16]} 21... Qd7 {[%clk 0:27:40]} 22. Bc2 {
[%clk 0:05:36]} 22... Be7 {[%clk 0:25:10]} 23. Bc5 {[%clk 0:02:22]} 23... b6 {
[%clk 0:10:30]} 24. Bxe7 {[%clk 0:02:17]} 24... Qxe7 {[%clk 0:10:15]} 25. d4 {
[%clk 0:01:48]} 25... exd4 {[%clk 0:09:13]} 26. Ng5 {[%clk 0:01:27]} 26... fxg5
{[%clk 0:08:07]} 27. Qh5 {[%clk 0:01:29]} 27... h6 {[%clk 0:01:35]} 28. Ng6+ {
[%clk 0:01:28]} 28... Kg8 {[%clk 0:02:01]} 29. Nxe7+ {[%clk 0:01:49]} 29...
Rxe7 {[%clk 0:02:29]} 30. cxd4 {[%clk 0:01:12]} 30... Nf4 {[%clk 0:01:02]} 31.
Qf3 {[%clk 0:01:23]} 31... Nxd4 {[%clk 0:01:25]} 32. Qe4 {[%clk 0:00:56]} 32...
Red7 {[%clk 0:00:53]} 33. Qh7+ {[%clk 0:00:45]} 33... Kf7 {[%clk 0:00:37]} 34.
Kh2 {[%clk 0:00:38]} 1-0

[Event "DEM U16 2018"]
[Site "Willingen GER"]
[Date "2018.05.20"]
[Round "2"]
[White "Köhler, Lukas"]
[Black "Hoffmann, Lennard"]
[Result "1/2-1/2"]
[Termination "normal"]
[Board "12"]
[WhiteElo "1852"]
[BlackElo "2013"]
[WhiteClock "00:12:59"]
[BlackClock "00:17:58"]
[PlyCount "129"]
[WhiteFideId "16221990"]
[BlackFideId "12943495"]
[EventCountry "GER"]
[EventRounds "9"]
[EventType "swiss"]
[EventDate "2018.05.19"]

1. e4 {[%clk 1:30:58]} 1... c5 {[%clk 1:30:56]} 2. Nf3 {[%clk 1:31:20]} 2... d6
{[%clk 1:31:19]} 3. Bb5+ {[%clk 1:31:43]} 3... Bd7 {[%clk 1:31:04]} 4. Bxd7+ {
[%clk 1:32:05]} 4... Nxd7 {[%clk 1:31:29]} 5. O-O {[%clk 1:32:09]} 5... g6 {
[%clk 1:30:22]} 6. c3 {[%clk 1:31:50]} 6... Ngf6 {[%clk 1:28:12]} 7. Re1 {
[%clk 1:32:07]} 7... c4 {[%clk 1:14:15]} 8. Qa4 {[%clk 1:17:30]} 8... Rc8 {
[%clk 1:12:33]} 9. e5 {[%clk 1:08:55]} 9... dxe5 {[%clk 1:10:49]} 10. Nxe5 {
[%clk 1:09:16]} 10... Qc7 {[%clk 1:09:54]} 11. Na3 {[%clk 1:06:44]} 11... e6 {
[%clk 0:46:44]} 12. Naxc4 {[%clk 1:00:38]} 12... a6 {[%clk 0:35:04]} 13. Nxd7 {
[%clk 0:56:28]} 13... Nxd7 {[%clk 0:33:12]} 14. Ne5 {[%clk 0:50:27]} 14... Bg7
{[%clk 0:30:45]} 15. Qxd7+ {[%clk 0:39:39]} 15... Qxd7 {[%clk 0:31:09]} 16.
Nxd7 {[%clk 0:40:06]} 16... Kxd7 {[%clk 0:31:33]} 17. d4 {[%clk 0:37:49]} 17...
b5 {[%clk 0:30:00]} 18. Be3 {[%clk 0:34:59]} 18... Rc4 {[%clk 0:27:27]} 19. a3
{[%clk 0:33:04]} 19... a5 {[%clk 0:24:38]} 20. Kf1 {[%clk 0:29:46]} 20... Rhc8
{[%clk 0:23:38]} 21. Ke2 {[%clk 0:28:36]} 21... R8c7 {[%clk 0:17:57]} 22. Bf4 {
[%clk 0:25:05]} 22... Rb7 {[%clk 0:17:45]} 23. Kd3 {[%clk 0:25:15]} 23... Rc8 {
[%clk 0:14:06]} 24. a4 {[%clk 0:17:28]} 24... bxa4 {[%clk 0:08:14]} 25. Reb1 {
[%clk 0:16:12]} 25... Rb5 {[%clk 0:08:08]} 26. Rxa4 {[%clk 0:13:56]} 26... e5 {
[%clk 0:07:33]} 27. Bxe5 {[%clk 0:13:35]} 27... Bxe5 {[%clk 0:07:28]} 28. dxe5
{[%clk 0:14:04]} 28... Rxe5 {[%clk 0:07:36]} 29. Rd4+ {[%clk 0:09:51]} 29...
Ke6 {[%clk 0:07:20]} 30. Re4 {[%clk 0:08:46]} 30... Rxe4 {[%clk 0:07:19]} 31.
Kxe4 {[%clk 0:09:15]} 31... a4 {[%clk 0:07:05]} 32. Re1 {[%clk 0:08:12]} 32...
Rb8 {[%clk 0:06:14]} 33. Re2 {[%clk 0:07:26]} 33... Rb3 {[%clk 0:05:10]} 34.
Kd4+ {[%clk 0:07:05]} 34... Kd6 {[%clk 0:05:12]} 35. Rd2 {[%clk 0:06:40]} 35...
Rb7 {[%clk 0:05:23]} 36. Kc4+ {[%clk 0:06:46]} 36... Ke6 {[%clk 0:05:26]} 37.
b4 {[%clk 0:05:44]} 37... axb3 {[%clk 0:05:12]} 38. Rb2 {[%clk 0:05:20]} 38...
Ra7 {[%clk 0:03:45]} 39. Kxb3 {[%clk 0:05:38]} 39... Kd5 {[%clk 0:03:50]} 40.
Ra2 {[%clk 0:04:49]} 40... Re7 {[%clk 0:03:01]} 41. Rd2+ {[%clk 0:04:52]} 41...
Kc5 {[%clk 0:02:54]} 42. c4 {[%clk 0:03:01]} 42... Rb7+ {[%clk 0:30:01]} 43.
Kc3 {[%clk 0:33:51]} 43... Ra7 {[%clk 0:30:13]} 44. Rd5+ {[%clk 0:33:15]} 44...
Kc6 {[%clk 0:30:37]} 45. Kd4 {[%clk 0:28:37]} 45... f6 {[%clk 0:28:24]} 46. Rd8
{[%clk 0:27:34]} 46... Ra2 {[%clk 0:27:33]} 47. Rc8+ {[%clk 0:26:01]} 47... Kd6
{[%clk 0:26:28]} 48. c5+ {[%clk 0:24:52]} 48... Kd7 {[%clk 0:26:06]} 49. Rh8 {
[%clk 0:25:13]} 49... Rxf2 {[%clk 0:26:05]} 50. Rxh7+ {[%clk 0:24:59]} 50...
Kc6 {[%clk 0:26:24]} 51. g3 {[%clk 0:24:28]} 51... Rf5 {[%clk 0:26:06]} 52. Rh8
{[%clk 0:23:44]} 52... Rd5+ {[%clk 0:26:21]} 53. Ke4 {[%clk 0:24:03]} 53...
Re5+ {[%clk 0:26:35]} 54. Kf4 {[%clk 0:23:46]} 54... Kxc5 {[%clk 0:26:22]} 55.
Rh6 {[%clk 0:22:41]} 55... Rf5+ {[%clk 0:26:18]} 56. Ke4 {[%clk 0:22:08]} 56...
Re5+ {[%clk 0:26:39]} 57. Kf3 {[%clk 0:22:02]} 57... Rf5+ {[%clk 0:26:47]} 58.
Kg2 {[%clk 0:22:17]} 58... g5 {[%clk 0:26:41]} 59. Kh3 {[%clk 0:21:50]} 59...
Kd5 {[%clk 0:26:29]} 60. Kg4 {[%clk 0:22:11]} 60... Ke6 {[%clk 0:26:10]} 61.
Kh5 {[%clk 0:21:00]} 61... Ra5 {[%clk 0:23:12]} 62. Rh8 {[%clk 0:20:15]} 62...
Kf5 {[%clk 0:21:02]} 63. g4+ {[%clk 0:17:19]} 63... Kf4 {[%clk 0:18:10]} 64.
Rf8 {[%clk 0:16:54]} 64... Ra6 {[%clk 0:17:58]} 65. Rf7 {[%clk 0:12:59]}
1/2-1/2

[Event "DEM U16 2018"]
[Site "Willingen GER"]
[Date "2018.05.20"]
[Round "2"]
[White "Richter, Nils"]
[Black "Recktenwald, Cedric"]
[Result "1-0"]
[Termination "normal"]
[Board "13"]
[WhiteElo "2096"]
[BlackElo "1826"]
[WhiteClock "00:19:08"]
[BlackClock "00:06:51"]
[PlyCount "55"]
[WhiteFideId "12990809"]
[BlackFideId "12971928"]
[EventCountry "GER"]
[EventRounds "9"]
[EventType "swiss"]
[EventDate "2018.05.19"]

1. e4 {[%clk 1:30:59]} 1... e6 {[%clk 1:30:52]} 2. d4 {[%clk 1:31:23]} 2... d5
{[%clk 1:31:11]} 3. Nd2 {[%clk 1:31:48]} 3... Nf6 {[%clk 1:31:32]} 4. e5 {
[%clk 1:32:13]} 4... Nfd7 {[%clk 1:31:55]} 5. Bd3 {[%clk 1:32:38]} 5... c5 {
[%clk 1:32:06]} 6. c3 {[%clk 1:33:02]} 6... Nc6 {[%clk 1:32:27]} 7. Ne2 { [%clk
1:33:24]} 7... cxd4 {[%clk 1:32:41]} 8. cxd4 {[%clk 1:33:49]} 8... f6 { [%clk
1:33:01]} 9. exf6 {[%clk 1:34:12]} 9... Nxf6 {[%clk 1:33:26]} 10. O-O { [%clk
1:34:18]} 10... Bd6 {[%clk 1:33:51]} 11. Nf3 {[%clk 1:34:37]} 11... Qc7 { [%clk
1:34:06]} 12. h3 {[%clk 1:35:00]} 12... O-O {[%clk 1:31:51]} 13. Be3 { [%clk
1:35:22]} 13... Bd7 {[%clk 1:29:35]} 14. Rc1 {[%clk 1:35:23]} 14... Rae8 {[%clk
1:26:03]} 15. Bb1 {[%clk 1:28:41]} 15... Qb8 {[%clk 1:22:24]} 16. Nc3 { [%clk
1:13:46]} 16... Kh8 {[%clk 1:13:50]} 17. Ng5 {[%clk 1:03:45]} 17... Bf4 { [%clk
0:57:19]} 18. Qd3 {[%clk 0:52:20]} 18... Bxe3 {[%clk 0:49:32]} 19. Nxh7 { [%clk
0:44:50]} 19... Nb4 {[%clk 0:16:29]} 20. Qg6 {[%clk 0:44:51]} 20... Re7 { [%clk
0:16:35]} 21. Nxf6 {[%clk 0:40:48]} 21... gxf6 {[%clk 0:16:44]} 22. fxe3 {[%clk
0:40:11]} 22... f5 {[%clk 0:16:38]} 23. Ne2 {[%clk 0:30:28]} 23... Bb5 { [%clk
0:12:59]} 24. Rf4 {[%clk 0:29:48]} 24... Rh7 {[%clk 0:12:36]} 25. Rf2 { [%clk
0:22:49]} 25... Qd6 {[%clk 0:08:03]} 26. Bxf5 {[%clk 0:18:47]} 26... Rhf7
{[%clk 0:06:33]} 27. Qh6+ {[%clk 0:18:42]} 27... Kg8 {[%clk 0:06:51]} 28. Bxe6
{[%clk 0:19:08]} 1-0

[Event "DEM U16 2018"]
[Site "Willingen GER"]
[Date "2018.05.20"]
[Round "2"]
[White "Lange, Jannis"]
[Black "Mohammadi Nia, Borna"]
[Result "0-1"]
[Termination "normal"]
[Board "14"]
[WhiteElo "1919"]
[BlackElo "2029"]
[WhiteClock "00:09:20"]
[BlackClock "00:29:54"]
[PlyCount "101"]
[WhiteFideId "12993107"]
[BlackFideId "16207319"]
[EventCountry "GER"]
[EventRounds "9"]
[EventType "swiss"]
[EventDate "2018.05.19"]

1. e4 {[%clk 1:30:55]} 1... e6 {[%clk 1:30:55]} 2. d4 {[%clk 1:31:03]} 2... d5
{[%clk 1:31:21]} 3. Nc3 {[%clk 1:30:58]} 3... Nf6 {[%clk 1:31:47]} 4. e5 {
[%clk 1:30:45]} 4... Nfd7 {[%clk 1:32:14]} 5. f4 {[%clk 1:29:58]} 5... c5 {
[%clk 1:32:35]} 6. Nf3 {[%clk 1:29:32]} 6... Nc6 {[%clk 1:33:02]} 7. Be3 {
[%clk 1:29:29]} 7... Be7 {[%clk 1:33:24]} 8. Qd2 {[%clk 1:29:07]} 8... a6 {
[%clk 1:33:39]} 9. O-O-O {[%clk 1:27:35]} 9... c4 {[%clk 1:34:05]} 10. f5 {
[%clk 1:10:28]} 10... b5 {[%clk 1:30:21]} 11. fxe6 {[%clk 1:02:20]} 11... fxe6
{[%clk 1:29:46]} 12. Bg5 {[%clk 1:00:09]} 12... b4 {[%clk 1:24:49]} 13. Nb1 {
[%clk 0:59:15]} 13... Nxd4 {[%clk 1:19:00]} 14. Bxe7 {[%clk 0:57:29]} 14...
Nxf3 {[%clk 1:19:23]} 15. Bxd8 {[%clk 0:52:32]} 15... Nxd2 {[%clk 1:17:12]} 16.
Bc7 {[%clk 0:51:45]} 16... Ne4 {[%clk 1:17:24]} 17. Re1 {[%clk 0:50:03]} 17...
Ra7 {[%clk 1:12:09]} 18. Ba5 {[%clk 0:47:44]} 18... Nf2 {[%clk 0:46:57]} 19.
Rg1 {[%clk 0:45:13]} 19... Rb7 {[%clk 0:43:07]} 20. b3 {[%clk 0:42:54]} 20...
Nb8 {[%clk 0:40:30]} 21. c3 {[%clk 0:32:01]} 21... cxb3 {[%clk 0:38:55]} 22.
axb3 {[%clk 0:32:11]} 22... bxc3 {[%clk 0:38:00]} 23. Bxc3 {[%clk 0:29:44]}
23... Rxb3 {[%clk 0:34:21]} 24. Kc2 {[%clk 0:29:10]} 24... Rb7 {[%clk 0:33:07]}
25. Be2 {[%clk 0:24:26]} 25... Ne4 {[%clk 0:31:33]} 26. Bb2 {[%clk 0:10:33]}
26... Nc6 {[%clk 0:28:56]} 27. Ba3 {[%clk 0:03:43]} 27... Nxe5 {[%clk 0:26:20]}
28. Bf3 {[%clk 0:02:44]} 28... Nxf3 {[%clk 0:24:52]} 29. gxf3 {[%clk 0:03:04]}
29... Nf6 {[%clk 0:24:57]} 30. Nc3 {[%clk 0:02:37]} 30... Kf7 {[%clk 0:24:54]}
31. Na4 {[%clk 0:02:00]} 31... Rc7+ {[%clk 0:24:51]} 32. Kd2 {[%clk 0:01:59]}
32... Bd7 {[%clk 0:25:04]} 33. Nc5 {[%clk 0:02:06]} 33... Rhc8 {[%clk 0:25:18]}
34. Rc1 {[%clk 0:01:57]} 34... Bb5 {[%clk 0:24:04]} 35. Rge1 {[%clk 0:01:31]}
35... Rc6 {[%clk 0:22:54]} 36. Nxe6 {[%clk 0:01:24]} 36... Rxc1 {[%clk 0:21:10]
} 37. Bxc1 {[%clk 0:01:50]} 37... Ba4 {[%clk 0:20:55]} 38. Nd4 {[%clk 0:01:45]}
38... Re8 {[%clk 0:15:39]} 39. Rxe8 {[%clk 0:00:50]} 39... Nxe8 {[%clk 0:13:23]
} 40. Kc3 {[%clk 0:00:34]} 40... Bb5 {[%clk 0:12:30]} 41. Kb4 {[%clk 0:30:05]}
41... Bc4 {[%clk 0:42:56]} 42. Bf4 {[%clk 0:27:18]} 42... g6 {[%clk 0:38:55]}
43. Kc5 {[%clk 0:25:29]} 43... Ng7 {[%clk 0:38:08]} 44. Kd6 {[%clk 0:23:21]}
44... a5 {[%clk 0:33:46]} 45. Ke5 {[%clk 0:20:43]} 45... a4 {[%clk 0:32:27]}
46. Bc1 {[%clk 0:20:28]} 46... Nh5 {[%clk 0:32:09]} 47. Nc2 {[%clk 0:17:38]}
47... Nf6 {[%clk 0:31:30]} 48. Ne3 {[%clk 0:16:48]} 48... Bb3 {[%clk 0:31:23]}
49. Ba3 {[%clk 0:16:29]} 49... Nd7+ {[%clk 0:30:13]} 50. Kd4 {[%clk 0:10:48]}
50... Ke6 {[%clk 0:29:54]} 51. Ng2 {[%clk 0:09:20]} 0-1

[Event "DEM U16 2018"]
[Site "Willingen GER"]
[Date "2018.05.21"]
[Round "3"]
[White "Schmider, Niklas"]
[Black "Färber, David"]
[Result "1/2-1/2"]
[Termination "normal"]
[Board "1"]
[WhiteElo "2169"]
[BlackElo "2256"]
[WhiteClock "00:01:41"]
[BlackClock "00:08:00"]
[PlyCount "76"]
[WhiteFideId "12993778"]
[BlackFideId "12971294"]
[EventCountry "GER"]
[EventRounds "9"]
[EventType "swiss"]
[EventDate "2018.05.19"]

1. e4 {[%clk 1:30:58]} 1... c5 {[%clk 1:30:48]} 2. Nf3 {[%clk 1:31:20]} 2...
Nc6 {[%clk 1:31:03]} 3. d4 {[%clk 1:31:42]} 3... cxd4 {[%clk 1:31:27]} 4. Nxd4
{[%clk 1:32:06]} 4... e6 {[%clk 1:31:30]} 5. Nc3 {[%clk 1:32:28]} 5... Qc7 {
[%clk 1:31:45]} 6. Be3 {[%clk 1:32:48]} 6... a6 {[%clk 1:31:58]} 7. Qf3 { [%clk
1:33:11]} 7... d6 {[%clk 1:32:12]} 8. O-O-O {[%clk 1:30:20]} 8... Bd7 { [%clk
1:32:17]} 9. Qg3 {[%clk 1:23:00]} 9... Nf6 {[%clk 1:31:52]} 10. Bd3 { [%clk
1:19:14]} 10... b5 {[%clk 1:17:34]} 11. f4 {[%clk 1:02:56]} 11... g6 { [%clk
1:15:59]} 12. Nxc6 {[%clk 0:52:37]} 12... Bxc6 {[%clk 0:58:49]} 13. Bd4 { [%clk
0:51:46]} 13... Bg7 {[%clk 0:49:47]} 14. e5 {[%clk 0:50:57]} 14... dxe5 { [%clk
0:49:16]} 15. Bxe5 {[%clk 0:50:33]} 15... Qb7 {[%clk 0:46:57]} 16. Qg5 { [%clk
0:38:17]} 16... b4 {[%clk 0:42:39]} 17. Ne2 {[%clk 0:36:26]} 17... Qe7 { [%clk
0:41:58]} 18. Bc4 {[%clk 0:35:18]} 18... Nh5 {[%clk 0:39:39]} 19. Qg4 { [%clk
0:29:32]} 19... Nf6 {[%clk 0:33:51]} 20. Qh3 {[%clk 0:27:16]} 20... Qb7 { [%clk
0:30:30]} 21. Qh4 {[%clk 0:26:41]} 21... Nh5 {[%clk 0:29:14]} 22. Ng3 { [%clk
0:11:12]} 22... Qe7 {[%clk 0:18:53]} 23. Qg4 {[%clk 0:09:44]} 23... Bxe5 {[%clk
0:16:08]} 24. fxe5 {[%clk 0:09:58]} 24... Ng7 {[%clk 0:16:02]} 25. Ne4 { [%clk
0:08:23]} 25... Bxe4 {[%clk 0:16:05]} 26. Qxe4 {[%clk 0:08:49]} 26... O-O
{[%clk 0:16:19]} 27. Rd6 {[%clk 0:07:12]} 27... Nf5 {[%clk 0:13:39]} 28. Rxa6 {
[%clk 0:05:56]} 28... Rad8 {[%clk 0:13:01]} 29. Bd3 {[%clk 0:05:40]} 29... Rd4
{[%clk 0:12:01]} 30. Qe2 {[%clk 0:04:04]} 30... Rfd8 {[%clk 0:11:59]} 31. Rc6 {
[%clk 0:02:50]} 31... Rxd3 {[%clk 0:10:49]} 32. cxd3 {[%clk 0:02:58]} 32... Nd4
{[%clk 0:10:20]} 33. Qe4 {[%clk 0:03:24]} 33... Nxc6 {[%clk 0:10:14]} 34. Qxc6
{[%clk 0:03:49]} 34... Qg5+ {[%clk 0:09:43]} 35. Kb1 {[%clk 0:04:07]} 35...
Qxe5 {[%clk 0:09:34]} 36. Qb6 {[%clk 0:02:41]} 36... Rb8 {[%clk 0:09:00]} 37.
Qf2 {[%clk 0:01:36]} 37... Qd5 {[%clk 0:08:48]} 38. Qf3 {[%clk 0:01:41]} 38...
Qd7 {[%clk 0:08:00]} 1/2-1/2

[Event "DEM U16 2018"]
[Site "Willingen GER"]
[Date "2018.05.21"]
[Round "3"]
[White "Zimmer, Raphael"]
[Black "Wachinger, Nikolas"]
[Result "0-1"]
[Termination "normal"]
[Board "2"]
[WhiteTitle "FM"]
[WhiteElo "2146"]
[BlackElo "2208"]
[WhiteClock "00:19:54"]
[BlackClock "00:11:21"]
[PlyCount "98"]
[WhiteFideId "12978841"]
[BlackFideId "12962791"]
[EventCountry "GER"]
[EventRounds "9"]
[EventType "swiss"]
[EventDate "2018.05.19"]

1. e4 {[%clk 1:30:58]} 1... c5 {[%clk 1:30:53]} 2. Nf3 {[%clk 1:31:18]} 2... d6
{[%clk 1:31:14]} 3. d4 {[%clk 1:31:34]} 3... Nf6 {[%clk 1:31:37]} 4. dxc5 {
[%clk 1:31:24]} 4... Nxe4 {[%clk 1:31:57]} 5. cxd6 {[%clk 1:31:34]} 5... Nc6 {
[%clk 1:32:13]} 6. Bd3 {[%clk 1:30:42]} 6... Nxd6 {[%clk 1:28:00]} 7. Bf4 {
[%clk 1:27:34]} 7... f6 {[%clk 1:08:13]} 8. Nc3 {[%clk 1:23:12]} 8... e5 {
[%clk 1:07:59]} 9. Bg3 {[%clk 1:23:01]} 9... Be6 {[%clk 1:05:48]} 10. a3 {
[%clk 1:14:38]} 10... Be7 {[%clk 1:03:03]} 11. Qe2 {[%clk 1:10:00]} 11... O-O {
[%clk 0:57:06]} 12. O-O {[%clk 1:00:00]} 12... Qe8 {[%clk 0:51:33]} 13. Rad1 {
[%clk 0:54:23]} 13... Qf7 {[%clk 0:48:16]} 14. b3 {[%clk 0:47:47]} 14... Rac8 {
[%clk 0:43:34]} 15. Nb1 {[%clk 0:22:18]} 15... Nf5 {[%clk 0:35:28]} 16. Rd2 {
[%clk 0:17:09]} 16... g6 {[%clk 0:25:39]} 17. Re1 {[%clk 0:12:21]} 17... Rfd8 {
[%clk 0:23:26]} 18. Qd1 {[%clk 0:09:30]} 18... Ncd4 {[%clk 0:14:46]} 19. Nxd4 {
[%clk 0:07:01]} 19... Nxd4 {[%clk 0:15:13]} 20. f4 {[%clk 0:05:56]} 20... Nf5 {
[%clk 0:09:53]} 21. Bf2 {[%clk 0:01:31]} 21... exf4 {[%clk 0:06:03]} 22. Rxe6 {
[%clk 0:01:51]} 22... Rxd3 {[%clk 0:06:26]} 23. Rxd3 {[%clk 0:01:49]} 23...
Qxe6 {[%clk 0:06:50]} 24. c4 {[%clk 0:02:00]} 24... a6 {[%clk 0:04:50]} 25. a4
{[%clk 0:01:03]} 25... Bb4 {[%clk 0:03:58]} 26. Rd8+ {[%clk 0:00:35]} 26...
Rxd8 {[%clk 0:03:59]} 27. Qxd8+ {[%clk 0:00:58]} 27... Kf7 {[%clk 0:03:19]} 28.
Qc7+ {[%clk 0:01:16]} 28... Qe7 {[%clk 0:03:28]} 29. Qxf4 {[%clk 0:01:12]}
29... Qe2 {[%clk 0:03:49]} 30. Qc1 {[%clk 0:00:46]} 30... Qd3 {[%clk 0:03:40]}
31. h3 {[%clk 0:00:34]} 31... Qxb3 {[%clk 0:03:32]} 32. Nd2 {[%clk 0:00:38]}
32... Qxa4 {[%clk 0:03:38]} 33. Nf1 {[%clk 0:00:33]} 33... Qc6 {[%clk 0:03:25]}
34. g4 {[%clk 0:00:35]} 34... Nd6 {[%clk 0:03:38]} 35. c5 {[%clk 0:00:32]}
35... Kg7 36. Ng3 {[%clk 0:00:31]} 36... b6 {[%clk 0:01:30]} 37. g5 { [%clk
0:00:31]} 37... Bxc5 {[%clk 0:01:18]} 38. gxf6+ {[%clk 0:00:49]} 38... Kf7
{[%clk 0:01:13]} 39. Kh2 {[%clk 0:00:46]} 39... Qd5 {[%clk 0:01:05]} 40. Qh6
{[%clk 0:00:57]} 40... Kxf6 {[%clk 0:00:47]} 41. Qf4+ {[%clk 0:23:22]} 41...
Kg7 {[%clk 0:29:50]} 42. Be1 {[%clk 0:23:13]} 42... Qd4 {[%clk 0:26:14]} 43.
Qf1 {[%clk 0:23:22]} 43... Qe5 {[%clk 0:18:57]} 44. h4 {[%clk 0:22:17]} 44...
Nf5 {[%clk 0:14:49]} 45. Qh1 {[%clk 0:19:34]} 45... Bd6 {[%clk 0:14:15]} 46.
Qb7+ {[%clk 0:19:38]} 46... Qe7 {[%clk 0:12:12]} 47. Bc3+ {[%clk 0:19:36]}
47... Kf7 {[%clk 0:11:55]} 48. Qd5+ {[%clk 0:19:51]} 48... Kf8 {[%clk 0:11:43]}
49. Qa8+ {[%clk 0:19:54]} 49... Qe8 {[%clk 0:11:21]} 0-1